[Event "Madrid-ch Previa-B"]
[Site "Madrid"]
[Date "2021.02.27"]
[Round "9"]
[White "Aldea Moreno, Marina"]
[Black "Arias Martinez, Ivan"]
[Result "1/2-1/2"]
[WhiteElo "1597"]
[BlackElo "1708"]
[PlyCount "113"]
[EventDate "2021.02.04"]
[EventType "swiss"]
[EventRounds "9"]
[EventCountry "ESP"]
[SourceTitle "EXT 2022"]
[Source "ChessBase"]
[SourceDate "2021.10.06"]
[SourceVersion "1"]
[SourceVersionDate "2021.10.06"]
[SourceQuality "1"]

1. e4 d6 2. d4 g6 3. c4 Bg7 4. Nc3 Nf6 5. Be2 0-0 6. h3 e5 7. d5 Nbd7 8. Be3 Nc5 9. Qc2 a5 10. Nf3 Nh5 11. Nd2 Nf4 12. Bf1 f5 13. g3 Nh5 14. Be2 Nf6 15. 0-0-0 fxe4 16. Bxc5 dxc5 17. Ndxe4 Nxe4 18. Nxe4 Bf5 19. Bd3 Bxe4 20. Bxe4 Qg5+ 21. Kb1 Ra6 22. Qd2 Qf6 23. f3 Rb8 24. h4 b5 25. cxb5 Rxb5 26. h5 Rab6 27. b3 a4 28. d6 Rxd6 29. Qe2 Rdb6 30. Bd5+ Kf8 31. Qe4 axb3 32. axb3 Rb4 33. Bc4 Qf5 34. Qxf5+ gxf5 35. Kc2 Rd6 36. Rd5 Rxd5 37. Bxd5 Rd4 38. Rd1 Ke7 39. Bc4 Kf6 40. Ra1 Kg5 41. Ra7 Rd7 42. g4 fxg4 43. fxg4 e4 44. Ra6 Rd6 45. Ra7 Rd7 46. Ra6 Be5 47. Ra8 Kf4 48. Re8 e3 49. g5 Rd2+ 50. Kc1 Rg2 51. g6 hxg6 52. hxg6 Rxg6 53. Rf8+ Rf6 54. Rxf6+ Bxf6 55. Kd1 Bc3 56. Ke2 Ke4 57. Bf7 1/2-1/2

[Event "Madrid-ch Previa-B"]
[Site "Madrid"]
[Date "2021.02.26"]
[Round "8"]
[White "Arias Martinez, Ivan"]
[Black "Roquero Redondo, Miguel"]
[Result "1/2-1/2"]
[WhiteElo "1708"]
[BlackElo "1416"]
[PlyCount "58"]
[EventDate "2021.02.04"]
[EventType "swiss"]
[EventRounds "9"]
[EventCountry "ESP"]
[SourceTitle "EXT 2022"]
[Source "ChessBase"]
[SourceDate "2021.10.06"]
[SourceVersion "1"]
[SourceVersionDate "2021.10.06"]
[SourceQuality "1"]

1. e4 e5 2. Nf3 Nc6 3. Bb5 a6 4. Ba4 b5 5. Bb3 Nf6 6. d3 d6 7. c3 Na5 8. Bc2 c5 9. 0-0 Be7 10. h3 0-0 11. Re1 Nc6 12. Nbd2 Bb7 13. Nf1 a5 14. Ng3 b4 15. a4 Bc8 16. Nf5 Bxf5 17. exf5 Qc7 18. d4 exd4 19. cxd4 d5 20. dxc5 Bxc5 21. Bg5 Qb6 22. Bh4 Nd4 23. Nxd4 Bxd4 24. Rb1 Rfe8 25. b3 Rxe1+ 26. Qxe1 Bc3 27. Qe2 Re8 28. Qb5 Qxb5 29. axb5 Re2 1/2-1/2

[Event "Madrid-ch Previa-B"]
[Site "Madrid"]
[Date "2021.02.19"]
[Round "6"]
[White "Arias Martinez, Ivan"]
[Black "Martinez Garcia, Ruben"]
[Result "1-0"]
[WhiteElo "1708"]
[BlackElo "1626"]
[PlyCount "113"]
[EventDate "2021.02.04"]
[EventType "swiss"]
[EventRounds "9"]
[EventCountry "ESP"]
[SourceTitle "EXT 2022"]
[Source "ChessBase"]
[SourceDate "2021.10.06"]
[SourceVersion "1"]
[SourceVersionDate "2021.10.06"]
[SourceQuality "1"]

1. e4 c5 2. Nf3 d6 3. g3 e5 4. Bg2 g6 5. 0-0 Bg7 6. d3 Ne7 7. Be3 0-0 8. Nc3 Nbc6 9. Qd2 Nd4 10. Ne2 Bh3 11. Nfxd4 Bxg2 12. Kxg2 cxd4 13. Bh6 f5 14. Bxg7 Kxg7 15. f4 Nc6 16. c3 Qa5 17. Rfd1 dxc3 18. bxc3 fxe4 19. dxe4 Qa4 20. Qd5 Rad8 21. Rd2 b6 22. c4 Qb4 23. a3 Qc5 24. Rad1 Na5 25. Qxc5 bxc5 26. Rxd6 Rxd6 27. Rxd6 Nxc4 28. Rc6 Nxa3 29. Rxc5 exf4 30. gxf4 Rf7 31. Kg3 Nb1 32. Nd4 Nd2 33. Re5 Nf1+ 34. Kg2 Ne3+ 35. Kf3 Nc4 36. Rc5 Nd2+ 37. Ke3 Nf1+ 38. Kd3 Nxh2 39. e5 Ng4 40. Ne6+ Kh6 41. Ra5 Re7 42. Ra6 Nf2+ 43. Kd4 Kh5 44. Kd5 Kg4 45. Kd6 Rf7 46. Ng5 Rxf4 47. Nxh7 Ne4+ 48. Ke7 Kf5 49. e6 Nc5 50. Ra5 Rc4 51. Kd6 g5 52. e7 Rd4+ 53. Kxc5 Re4 54. Kd6+ Kg6 55. Nxg5 Re1 56. Re5 Rd1+ 57. Ke6 1-0

[Event "Alcorcon Spring op-B 1st"]
[Site "Alcorcon"]
[Date "2019.03.31"]
[Round "2"]
[White "Arias Martinez, Ivan"]
[Black "Menendez Domens, Juan Manuel"]
[Result "1-0"]
[WhiteElo "1642"]
[BlackElo "1434"]
[PlyCount "61"]
[EventDate "2019.03.24"]
[EventType "swiss"]
[EventRounds "9"]
[EventCountry "ESP"]
[SourceTitle "EXT 2020"]
[Source "ChessBase"]
[SourceDate "2019.10.17"]
[SourceVersion "1"]
[SourceVersionDate "2019.10.17"]
[SourceQuality "1"]

1. e4 e5 2. Nf3 Nc6 3. Bb5 a6 4. Ba4 Nf6 5. d3 Bc5 6. 0-0 0-0 7. c3 d6 8. h3 h6 9. Be3 Bxe3 10. fxe3 Be6 11. Nbd2 Qd7 12. Qe1 Bxh3 13. gxh3 Qxh3 14. Qh4 Qxh4 15. Nxh4 Ng4 16. Rf3 Ne7 17. Bb3 Kh8 18. Raf1 f6 19. Nf5 Nxf5 20. exf5 Rad8 21. e4 c6 22. Rg3 h5 23. Rh3 g6 24. fxg6 Kg7 25. Rxh5 Kxg6 26. Rh3 Rh8 27. Rg3 Rh4 28. Nf3 Rdh8 29. Nxh4+ Rxh4 30. Bd1 Kg5 31. Rf5+ 1-0

[Event "Madrid San Viator op-B 26th"]
[Site "Madrid"]
[Date "2016.06.05"]
[Round "9"]
[White "Arias Martinez, Ivan"]
[Black "Urbelz Perez, Ignacio"]
[Result "0-1"]
[WhiteElo "1642"]
[BlackElo "1513"]
[PlyCount "46"]
[EventDate "2016.04.03"]
[EventType "swiss"]
[EventRounds "9"]
[EventCountry "ESP"]
[SourceTitle "EXT 2017"]
[Source "ChessBase"]
[SourceDate "2016.10.25"]
[SourceVersion "1"]
[SourceVersionDate "2016.10.25"]
[SourceQuality "1"]

1. e4 c6 2. d4 d5 3. e5 c5 4. dxc5 Nc6 5. Nf3 Bg4 6. Bf4 e6 7. c3 Bxc5 8. Nbd2 Qb6 9. Qc2 Bxf2+ 10. Kd1 Rc8 11. Nb3 Nge7 12. Bd3 Ng6 13. Bxg6 hxg6 14. h3 Bxf3+ 15. gxf3 Be3 16. Bg3 0-0 17. Nd2 Rfd8 18. a3 Na5 19. Ke2 d4 20. Qd3 dxc3 21. Qxe3 Rxd2+ 22. Qxd2 cxd2 23. Kxd2 Nb3+ 0-1

[Event "Madrid San Viator op-B 26th"]
[Site "Madrid"]
[Date "2016.05.22"]
[Round "7"]
[White "Arias Martinez, Ivan"]
[Black "Amador Andujar, Alfredo"]
[Result "1/2-1/2"]
[WhiteElo "1642"]
[BlackElo "1471"]
[PlyCount "85"]
[EventDate "2016.04.03"]
[EventType "swiss"]
[EventRounds "9"]
[EventCountry "ESP"]
[SourceTitle "EXT 2017"]
[Source "ChessBase"]
[SourceDate "2016.10.25"]
[SourceVersion "1"]
[SourceVersionDate "2016.10.25"]
[SourceQuality "1"]

1. e4 c5 2. Nf3 d6 3. d4 cxd4 4. Nxd4 Nf6 5. Nc3 a6 6. Bc4 e6 7. f3 Qc7 8. Bb3 Nc6 9. Be3 Be7 10. Qd2 0-0 11. g4 h6 12. h4 Nh7 13. 0-0-0 b5 14. Qh2 Na5 15. g5 h5 16. g6 Nxb3+ 17. axb3 fxg6 18. Qg2 Rf6 19. Rdg1 b4 20. Na4 e5 21. Ne2 Be6 22. Kb1 Rc8 23. Nc1 d5 24. Nb6 Rd8 25. exd5 Bc5 26. Bxc5 Qxc5 27. dxe6 Qxb6 28. e7 Re8 29. f4 Rxe7 30. fxe5 Rxe5 31. Nd3 Re8 32. Qg3 a5 33. Nf4 Re3 34. Qh2 Qd6 35. Nd3 Qxh2 36. Rxh2 Nf8 37. Kc1 Nd7 38. Rg5 Ra6 39. Kd2 Rf3 40. Ke2 Rf5 41. Rhg2 Kf7 42. Ke3 Rc6 43. Kd2 1/2-1/2

[Event "Madrid San Viator op-B 26th"]
[Site "Madrid"]
[Date "2016.04.24"]
[Round "4"]
[White "Arias Martinez, Ivan"]
[Black "Avendano Layunta, Manuel"]
[Result "1-0"]
[WhiteElo "1642"]
[BlackElo "1576"]
[PlyCount "77"]
[EventDate "2016.04.03"]
[EventType "swiss"]
[EventRounds "9"]
[EventCountry "ESP"]
[SourceTitle "EXT 2017"]
[Source "ChessBase"]
[SourceDate "2016.10.25"]
[SourceVersion "1"]
[SourceVersionDate "2016.10.25"]
[SourceQuality "1"]

1. e4 d6 2. Nf3 Bg4 3. Bc4 e6 4. Nc3 Nf6 5. d4 d5 6. exd5 exd5 7. Be2 Bb4 8. 0-0 Nbd7 9. Bg5 h6 10. Bh4 c6 11. Bg3 Qa5 12. Qd3 Bxc3 13. bxc3 Ne4 14. c4 0-0 15. Rfe1 Rfe8 16. Qb3 Nc3 17. Bd3 Bxf3 18. Rxe8+ Rxe8 19. gxf3 b6 20. Kg2 Ne2 21. cxd5 Nxd4 22. Qb2 Qxd5 23. Be4 Qc5 24. Rd1 Nxf3 25. Bxf3 Nf6 26. Rd3 Nd5 27. Qb3 Rd8 28. c4 Ne3+ 29. Rxe3 Rd4 30. Re4 Rd2 31. Qe3 Qxe3 32. Rxe3 Rc2 33. Bxc6 Rxa2 34. Re8+ Kh7 35. Be4+ g6 36. Re7 Kg7 37. Bd5 Kf6 38. Rxf7+ Kg5 39. h4+ 1-0

[Event "Madrid San Viator op-B 26th"]
[Site "Madrid"]
[Date "2016.04.17"]
[Round "3"]
[White "Hidalgo Prado, David"]
[Black "Arias Martinez, Ivan"]
[Result "1/2-1/2"]
[WhiteElo "1578"]
[BlackElo "1642"]
[PlyCount "42"]
[EventDate "2016.04.03"]
[EventType "swiss"]
[EventRounds "9"]
[EventCountry "ESP"]
[SourceTitle "EXT 2017"]
[Source "ChessBase"]
[SourceDate "2016.10.25"]
[SourceVersion "1"]
[SourceVersionDate "2016.10.25"]
[SourceQuality "1"]

1. e4 e6 2. d4 d5 3. e5 c5 4. c3 Qb6 5. Nf3 Nc6 6. a3 Bd7 7. b4 c4 8. a4 a6 9. Be2 Nge7 10. Nh4 Qc7 11. f4 Nf5 12. Nxf5 exf5 13. Bf3 Ne7 14. 0-0 g6 15. Re1 Bh6 16. Be3 0-0 17. Nd2 b5 18. a5 Be6 19. Nf1 Qd7 20. Ng3 Kg7 21. h4 Rh8 1/2-1/2

[Event "Madrid San Viator op 20th"]
[Site "Madrid"]
[Date "2013.05.26"]
[Round "7"]
[White "Arias Martinez, Ivan"]
[Black "Mosteiro Montoro, Alvaro"]
[Result "1/2-1/2"]
[WhiteElo "1766"]
[BlackElo "1680"]
[PlyCount "101"]
[EventDate "2013.04.07"]
[EventType "swiss"]
[EventRounds "9"]
[EventCountry "ESP"]
[SourceTitle "EXT 2014"]
[Source "ChessBase"]
[SourceDate "2013.11.20"]
[SourceVersion "1"]
[SourceVersionDate "2013.11.20"]
[SourceQuality "1"]

1. e4 c5 2. Nf3 Nc6 3. c3 e6 4. d4 cxd4 5. cxd4 d6 6. Bb5 a6 7. Ba4 b5 8. Bb3 Bb7 9. Nc3 Nge7 10. Be3 Na5 11. 0-0 Nxb3 12. Qxb3 d5 13. e5 Nf5 14. a3 Be7 15. Qd1 0-0 16. b4 Nxe3 17. fxe3 Rc8 18. Rc1 Qd7 19. Nd2 f5 20. Nb3 Bg5 21. Qd2 Qf7 22. g3 Qg6 23. Nc5 Rc7 24. Ne2 Bc8 25. Nf4 Bxf4 26. exf4 Qf7 27. Ra1 Rc6 28. Ra2 Bb7 29. Rc2 Rfc8 30. Rfc1 g6 31. Qg2 h5 32. h4 Kg7 33. Nb3 Rxc2 34. Rxc2 Rc4 35. Na5 Qc7 36. Nxc4 dxc4 37. Kf1 Qc6 38. Qf2 Kf7 39. Rc3 Qe4 40. Qe3 Qd5 41. Ke2 Ke7 42. Kd2 Kd7 43. Kc2 Kc7 44. Kd2 Kb6 45. Kc2 Qg2+ 46. Kc1 Bd5 47. Qd2 Kc6 48. Qxg2 Bxg2 49. Kd2 Kd5 50. Ke3 Be4 51. Rc1 1/2-1/2